| 000 | 00608cam a2200205ua 4500 | ||
|---|---|---|---|
| 001 | 11460 | ||
| 005 | 20260515114744.0 | ||
| 008 | 190923n ii |||gr||||Z||||||eng | ||
| 020 | _a9780198835769 | ||
| 040 | _cMAIN | ||
| 082 | _a809.894 | ||
| 100 |
_aWalter Cohen . , _eAuthor. |
||
| 245 |
_aA history of European literature : _bthe west and the world from antiquity to the present / _cBy Walter Cohen . |
||
| 250 | _a1st ed. | ||
| 260 |
_aNew delhi: _bOxford University pess, _c2017. |
||
| 300 | _a612p. | ||
| 653 | _aHistory, description & criticism | ||
| 653 | _aEuropean literature | ||
| 942 | _cBK | ||
| 999 |
_c10282 _d10282 |
||